Vista normal Vista MARC

Entrada Personal Name

Número de registros utilizados en: 1

001 - CONTROL NUMBER

  • control field: 38979

003 - CONTROL NUMBER IDENTIFIER

  • control field: OSt

005 - DATE AND TIME OF LATEST TRANSACTION

  • control field: 20210802122908.0

008 - FIXED-LENGTH DATA ELEMENTS

  • fixed length control field: 210802|| aca||aabn | a|a d

040 ## - CATALOGING SOURCE

  • Original cataloging agency: OSt
  • Transcribing agency: OSt

100 ## - HEADING--PERSONAL NAME

  • Personal name: Ossa Escobar, Carlos

670 ## - SOURCE DATA FOUND

  • Source citation: Work cat.: (OSt)12087: López, Rolando, autor 14411, La ruina de la banca estatal : , 2001.